00665nam a2200205Ia 4500003000400000005001700004008004100021020001800062040001800080041000800098082002200106100001900128245011500147250001200262260006900274300002900343650003000372650003200402650002500434OSt20250926163918.0210716s2019 xx 000 0 und d a9789352138111 cAIMIT LIBRARY aeng a005.768 21bWILC aWike, Claus O. aFundamentals of data visualization : bprimer on making informative and compelling figres /cBy Claus O Wilke. a1st ed. aMumbai :bShroff Publications and Distributers Pvt Ltd ,c2019. axvi,370p. ;bPBc23.5 cm aFrom datato visualization aPrinciples of figure design aMiscellaneous topics